Rozširuje sa ponuka a rastie predaj jogurtov

Spotreba mlieka a mliečnych výrobkov v roku 2010 - pozitívne zmeny. Vývoj ponuky mlieka a mliečnych výrobkov podľa krajiny pôvodu. Konzumácia jogurtov.

Gespeichert in:
Bibliographische Detailangaben
1. Verfasser: Nouzovská, Zuzana
Format: Buchkapitel
Sprache:Slowakisch
Schlagworte:
Tags: Tag hinzufügen
Keine Tags, Fügen Sie das erste Tag hinzu!

MARC

LEADER 00000naa a2200000 4500
001 0149317
005 20231208065539.1
041 0 |a slo 
044 |a SK 
245 1 0 |a Rozširuje sa ponuka a rastie predaj jogurtov  |c Zuzana Nouzovská 
520 |a Spotreba mlieka a mliečnych výrobkov v roku 2010 - pozitívne zmeny. Vývoj ponuky mlieka a mliečnych výrobkov podľa krajiny pôvodu. Konzumácia jogurtov. 
610 2 0 |a mlieko 
610 2 0 |a výrobky 
610 2 0 |a priemysel mliekarský 
610 2 0 |a spotreba 
610 2 0 |a Slovensko 
100 1 |a Nouzovská, Zuzana